| 000 | 004490000a22001690004500 | ||
|---|---|---|---|
| 005 | 20120302054727.0 | ||
| 942 | _cBOOK | ||
| 245 | _a Ietihaasik Sankirna Saahitya | ||
| 260 | _aPune:Sardar Gangaadharrao Narayanrao Mujumdar,1947. | ||
| 300 | _a72p. | ||
| 490 | _aBharat-Itihaas Sanshodhak Mandal Granthmaalaa-68. | ||
| 040 | _aMAR | ||
| 365 | _b2/- | ||
| 650 | _aItihaas | ||
| 650 | _aMaratha-Itihaas | ||
| 650 | _aIetihaasik Sankirna Saahitya | ||
| 999 |
_c346438 _d346435 |
||